logo

Bir Sreshtho Munshi Abdur Rouf Library
Jhenaidah Cadet College

Textbook of medical physiology / (Record no. 9623)

MARC details
000 -LEADER
fixed length control field 00862nam a2200301 a 4500
001 - CONTROL NUMBER
JCCL Control Number 9623
003 - CONTROL NUMBER IDENTIFIER
JCCL marc code BD - JhCC
005 - DATE AND TIME OF LATEST TRANSACTION
control field 20220322134023.0
008 - FIXED-LENGTH DATA ELEMENTS--GENERAL INFORMATION
fixed length control field 180320s1986 enka b 001 0 eng
020 ## - INTERNATIONAL STANDARD BOOK NUMBER
International Standard Book Number 0721612601
035 ## - SYSTEM CONTROL NUMBER
system control number 0721612601
-- (BD - JhCC)9623
040 ## - CATALOGING SOURCE
Original cataloging agency DNLM/DLC
Transcribing agency DLC
Modifying agency m/c
-- BD - JhCC
041 ## - LANGUAGE CODE
Language code of Book eng
050 #0 - LIBRARY OF CONGRESS CALL NUMBER
Classification number QP34.5
Item number .G9 1986
060 #0 - NATIONAL LIBRARY OF MEDICINE CALL NUMBER
Classification number QT 104 G992t
082 ## - DEWEY DECIMAL CLASSIFICATION NUMBER
Classification number 612
DDC Edition number 19
Author mark and Year GUY 1986
100 1# - MAIN ENTRY--PERSONAL NAME
Personal name Guyton, Arthur C.
245 10 - TITLE STATEMENT
Title Textbook of medical physiology /
Statement of responsibility, etc Arthur C. Guyton.
250 ## - EDITION STATEMENT
Edition statement 4th ed.
260 ## - PUBLICATION, DISTRIBUTION, ETC. (IMPRINT)
Place of publication, distribution, etc Philadelphia ;
-- London :
Name of publisher, distributor, etc Saunders,
Date of publication, distribution, etc 1986.
300 ## - PHYSICAL DESCRIPTION
Pagination 1032 p. :
Other physical details ill. (some col.) ;
Dimensions 29 cm
504 ## - BIBLIOGRAPHY, ETC. NOTE
Bibliography, etc Includes bibliographical references and index.
650 #0 - SUBJECT ADDED ENTRY--TOPICAL TERM
Topical term or geographic name as entry element Human physiology.
650 #0 - SUBJECT ADDED ENTRY--TOPICAL TERM
Topical term or geographic name as entry element Physiology, Pathological.
650 #0 - SUBJECT ADDED ENTRY--TOPICAL TERM
Topical term or geographic name as entry element Physiology.
942 ## - ADDED ENTRY ELEMENTS (KOHA)
Source of classification or shelving scheme Dewey Decimal Classification
Koha item type Books
Koha issues (borrowed), all copies 2
Holdings
Source of classification or shelving scheme Damaged status Not for loan Home library Current library Shelving location Total Checkouts Full call number Barcode Date last seen Date checked out Copy number Koha item type
Dewey Decimal Classification     JCC Rouf Library JCC Rouf Library General Stacks 1 612 GUY 1986 12841 06/08/2022 03/21/2022 C - 1 Books

JCC Library | Contacts | JCC Home

Last Update on 23 September 2017
Copyright @ 2017-2020 JCC Rouf Library
Rouf Library, Jhenidah Cadet College (JCC), Bangladesh